The market of striped snakehead and giant snakead in lvea em district kandal province, ទីផ្សារត្រីរ៉ស់ និងត្រីឆ្ដោ នៅស្រុកល្វាឯម ខេត្តកណ្ដាល (Record no. 3928)
[ view plain ]
| 000 -LEADER | |
|---|---|
| fixed length control field | 00598nam a22001577a 4500 |
| 003 - CONTROL NUMBER IDENTIFIER | |
| control field | OSt |
| 005 - DATE AND TIME OF LATEST TRANSACTION | |
| control field | 20151203141457.0 |
| 008 - FIXED-LENGTH DATA ELEMENTS--GENERAL INFORMATION | |
| fixed length control field | 151203b xxu||||| |||| 00| 0 eng d |
| 040 ## - CATALOGING SOURCE | |
| Transcribing agency | RUA |
| 082 ## - DEWEY DECIMAL CLASSIFICATION NUMBER | |
| Classification number | FIS VA 2011 B183 Or.1 |
| 100 ## - MAIN ENTRY--PERSONAL NAME | |
| 9 (RLIN) | 4214 |
| Personal name | VA, NARA. |
| 245 ## - TITLE STATEMENT | |
| Title | The market of striped snakehead and giant snakead in lvea em district kandal province, ទីផ្សារត្រីរ៉ស់ និងត្រីឆ្ដោ នៅស្រុកល្វាឯម ខេត្តកណ្ដាល |
| 260 ## - PUBLICATION, DISTRIBUTION, ETC. (IMPRINT) | |
| Place of publication, distribution, etc. | Phnom Penh |
| Name of publisher, distributor, etc. | RUA |
| Date of publication, distribution, etc. | 2011 |
| 300 ## - PHYSICAL DESCRIPTION | |
| Extent | x; 42p. |
| Other physical details | ill. |
| Dimensions | 29cm. |
| 942 ## - ADDED ENTRY ELEMENTS (KOHA) | |
| Source of classification or shelving scheme | |
| Koha item type | FIS |
| Price effective from | Date last seen | Permanent Location | Not for loan | Date acquired | Source of classification or shelving scheme | Koha item type | Lost status | Withdrawn status | Date last checked out | Total Checkouts | Shelving location | Damaged status | Barcode | Current Location | Full call number |
|---|---|---|---|---|---|---|---|---|---|---|---|---|---|---|---|
| 2015-12-03 | 2019-03-27 | Library Block B | 2015-12-03 | FIS | 2019-03-11 | 3 | B183 | RUA027360 | Library Block B | FIS VA 2011 B183 Or.1 | |||||
| 2015-12-03 | 2025-01-27 | Library Block B | 2015-12-03 | FIS | 2025-01-10 | 3 | B183 | RUA027425 | Library Block B | FIS VA 2011 B183 Or.2 | |||||
| 2015-12-03 | 2015-12-03 | Library Block B | 2015-12-03 | FIS | B183 | RUA028742 | Library Block B | FIS VA 2011 B183 Or.3 | |||||||
| 2015-12-03 | 2020-09-11 | Library Block B | 2015-12-03 | FIS | 2020-08-31 | 2 | B183 | RUA028739 | Library Block B | FIS VA 2011 B183 Or.4 | |||||
| 2015-12-03 | 2015-12-03 | Library Block B | 2015-12-03 | FIS | B183 | RUA037619 | Library Block B | FIS VA 2011 B183 Or.5 | |||||||
| 2015-12-03 | 2018-09-03 | Library Block B | 2015-12-03 | FIS | 2018-09-03 | 2 | B183 | RUA037695 | Library Block B | FIS VA 2011 B183 Or.6 |